Mrs Dalloway/ (Record no. 12281)

MARC details
000 -LEADER
fixed length control field 00500nam a22001937a 4500
005 - DATE AND TIME OF LATEST TRANSACTION
control field 20250918072921.0
008 - FIXED-LENGTH DATA ELEMENTS--GENERAL INFORMATION
fixed length control field 250918b |||||||| |||| 00| 0 eng d
020 ## - INTERNATIONAL STANDARD BOOK NUMBER
International Standard Book Number 8124800138
040 ## - CATALOGING SOURCE
Original cataloging agency IN-DiNC
Transcribing agency IN-DiNC
041 ## - LANGUAGE CODE
Language code of sung or spoken text English
082 ## - DEWEY DECIMAL CLASSIFICATION NUMBER
Classification number 823
Item number WOO
100 ## - MAIN ENTRY--PERSONAL NAME
Personal name Woolf, Virginia
Relator term Author
245 ## - TITLE STATEMENT
Title Mrs Dalloway/
Statement of responsibility, etc. by Virginia Woolf
250 ## - EDITION STATEMENT
Edition statement 2nd imp.
260 ## - PUBLICATION, DISTRIBUTION, ETC.
Place of publication, distribution, etc. New Delhi:
Name of publisher, distributor, etc. Peacock books,
Date of publication, distribution, etc. 1997.
300 ## - PHYSICAL DESCRIPTION
Extent 207p.
650 ## - SUBJECT ADDED ENTRY--TOPICAL TERM
Topical term or geographic name entry element English novel of Virginia Woolf
942 ## - ADDED ENTRY ELEMENTS (KOHA)
Source of classification or shelving scheme Dewey Decimal Classification
Koha item type Books
Holdings
Withdrawn status Lost status Source of classification or shelving scheme Damaged status Not for loan Collection code Home library Current library Shelving location Date acquired Cost, normal purchase price Total Checkouts Full call number Barcode Date last seen Date last checked out Copy number Price effective from Koha item type
    Dewey Decimal Classification     English Central Library, Naharkatiya College Central Library, Naharkatiya College General Stacks 18/09/2025 45.00 1 823 WOO 6250 09/01/2026 18/09/2025 1 18/09/2025 Books

Naharkatiya College © 2020. All rights reserved.

Powered By